000 00848nam a2200265Ia 4500
003 OSt
005 20221006160104.0
006 a|||||r|||| 00| 0
007 ta
008 221006b |||||||| |||| 00| 0 eng d
020 _a9781929223589
_cCDN
_ 20.84
024 _a44,255
037 _bGift, KCC (Window on Korea)
_cTextual
040 _aEASL
_cEASL
_beng
041 _2eng
_aeng
082 _aV4952:19(zQ).P1, P5
100 _aSmith Hazel
_9448202
245 0 _aHungry for peace
_b International security, humanitarian assistance, and social change in north Korea
260 _aWashington
_bUnited States Institute of Peace Press
_c2005
300 _a339p.
_ccm.
490 _v KEL
650 _aKEL
942 _hV4952:19(zQ).P1, P5
_cTEXL
_2CC
999 _c1112347
_d1112347